Normal view MARC view
  • Benzecry, Claudio E.

Entry Nombre Personal

Number of records used in: 1

001 - NUMERO DE CONTROL

  • campo de control: 46893

003 - IDENTIFICADOR DE NUMERO DE CONTROL

  • campo de control: DLC

005 - FECHA Y HORA DE LA ÜLTIMA TRANSACCIÓN

  • campo de control: 20220929133653.0

008 - DATOS DE LONGITUD FIJA

  • campo de control de longitud fija: 220929n| azannaabn |n aaa c

010 ## - NÚMERO DE CONTROL DE LA BIBLIOTECA DEL CONGRESO

  • Número de control LC: no2010131701

035 ## - NUMERO DE CONTROL

  • Número de control: (OCoLC)oca08591046

040 ## - FUENTE DE CATALOGACIÓN

  • Agencia original de catalogación: ICU
  • Lenguaje de catalogación: spa
  • Description conventions: rda
  • Agencia de transcripción: ICU
  • Agencia que lo modifica: ICU
  • Agencia que lo modifica: MX-MxUPN

100 1# - ENCABEZAMIENTO - NOMBRE PERSONAL

  • Nombre personal: Benzecry, Claudio E.

372 ## - CAMPO DE ACTIVIDAD

  • Field of activity: Cultura
  • Fuente del término: lemb

373 ## - GRUPO ASOCIADO

  • Associated group: Northwestern University (Evanston, Ill.)
  • Fuente del término: naf

374 ## - OCUPACIÓN

  • Occupation: Sociólogos
  • Occupation: Profesores universitarios
  • Fuente del término: lemb

375 ## - GÉNERO

  • Gender: masculino

377 ## - LENGUA ASOCIADA

  • Language code: eng

670 ## - FUENTE EN LA QUE SE LOCALIZARON DATOS

  • Cita de la fuente: The opera fanatic, 2011:
  • Información localizada: Catalogación en publicación en portada (Claudio E. Benzecry) ECIP preliminares (assistant professor of sociology at the University of Connecticut)

670 ## - FUENTE EN LA QUE SE LOCALIZARON DATOS

  • Cita de la fuente: Northwestern University, Department of Communication Studies WWW site, November 4, 2016:
  • Información localizada: Página de Claudio Benzecry (Claudio Benzecry, associate professor in the Department of Communication Studies at Northwestern University; holds PhD in sociology from New York University; specializes in the sociology of culture)
  • Uniform Resource Identifier: https://www.communication.northwestern.edu/faculty/ClaudioBenzecry

670 ## - FUENTE EN LA QUE SE LOCALIZARON DATOS

  • Cita de la fuente: La teoría social ahora, 2019:
  • Información localizada: portada (Claudio E. Benzecry)

902 ## - CATALOGADOR

  • Catalogador: VAGG/290922